Heat transfer (Record no. 3641)

000 -LEADER
fixed length control field 00564nam a2200229 a 4500
001 - CONTROL NUMBER
control field 3641
003 - CONTROL NUMBER IDENTIFIER
control field BD-DhUET
008 - FIXED-LENGTH DATA ELEMENTS--GENERAL INFORMATION
fixed length control field 960506s1997 nyua b 001 0 eng
020 ## - INTERNATIONAL STANDARD BOOK NUMBER
International Standard Book Number 0071143203
020 ## - INTERNATIONAL STANDARD BOOK NUMBER
International Standard Book Number 0078447852
040 ## - CATALOGING SOURCE
Original cataloging agency DLC
Transcribing agency DLC
Modifying agency BD-DhUET
082 00 - DEWEY DECIMAL CLASSIFICATION NUMBER
Classification number 621.011
Item number HOL/1997
100 1# - MAIN ENTRY--PERSONAL NAME
Personal name Holman, J. P.
245 10 - TITLE STATEMENT
Title Heat transfer
250 ## - EDITION STATEMENT
Edition statement 8th ed.
260 ## - PUBLICATION, DISTRIBUTION, ETC. (IMPRINT)
Place of publication, distribution, etc. New York
Name of publisher, distributor, etc. McGraw-Hill
Date of publication, distribution, etc. 1997
300 ## - PHYSICAL DESCRIPTION
Extent xviii, 696 p.
Other physical details ill.
490 ## - SERIES STATEMENT
Series statement Schaum's outline series
504 ## - BIBLIOGRAPHY, ETC. NOTE
Bibliography, etc Includes bibliographies
650 #0 - SUBJECT ADDED ENTRY--TOPICAL TERM
Topical term or geographic name as entry element Heat transfer
942 ## - ADDED ENTRY ELEMENTS (KOHA)
Koha item type General Book
Holdings
Not for loan Koha full call number Date acquired Shelving location Price effective from Koha date last borrowed Location (home branch) Copy number Koha out on loan Piece designation (barcode) Withdrawn status Koha date last seen Damaged status Source of classification or shelving scheme Sublocation or collection (holding branch) Lost status Koha item type Koha issues (times borrowed) Koha normalized classification for sorting
 621.011/HOL/19972014-11-03Circulation section2014-11-032025-04-27Central Library, BUET12025-05-1192450 2025-04-27  Central Library, BUET General Book3621_011000000000000_HOL_1997
 621.011/HOL/19972014-11-03Circulation section2014-11-03 Central Library, BUET2 92452 2014-11-03  Central Library, BUET General Book 621_011000000000000_HOL_1997
 621.011/HOL/19972014-11-03Circulation section2014-11-03 Central Library, BUET3 92453 2016-07-30  Central Library, BUET General Book 621_000000000000000_011HOL1997
 621.011/HOL/19972014-11-03Circulation section2014-11-032022-01-09Central Library, BUET4 92454 2022-06-08  Central Library, BUET General Book1621_000000000000000_011HOL1997
 621.011/HOL/19972014-11-03Circulation section2014-11-032024-10-02Central Library, BUET5 92455 2024-10-28  Central Library, BUET General Book2621_000000000000000_011HOL1997
 621.011/HOL/19972014-11-03Circulation section2014-11-032023-12-10Central Library, BUET6 92457 2024-08-31  Central Library, BUET General Book3621_000000000000000_011HOL1997
 621.011/HOL/19972014-11-03Circulation section2014-11-03 Central Library, BUET7 92459 2014-11-03  Central Library, BUET General Book 621_000000000000000_011HOL1997
 621.011/HOL/19972014-11-03Circulation section2014-11-032024-03-12Central Library, BUET8 92460 2024-08-28  Central Library, BUET General Book1621_011000000000000_HOL_1997
 621.011/HOL/19972014-11-03Circulation section2014-11-032024-04-08Central Library, BUET9 92461 2024-06-22  Central Library, BUET General Book1621_000000000000000_011HOL1997
 621.011/HOL/19972014-11-03Circulation section2014-11-032024-12-10Central Library, BUET10 92462 2025-03-12  Central Library, BUET General Book5621_000000000000000_011HOL1997
 621.011/HOL/19972014-11-03Circulation section2014-11-032015-03-04Central Library, BUET11 92464 2017-05-03  Central Library, BUET General Book1621_000000000000000_011HOL1997
 621.011/HOL/19972014-11-03Circulation section2014-11-032019-06-17Central Library, BUET12 92465 2019-07-10  Central Library, BUET General Book3621_000000000000000_011HOL1997
 621.011/HOL/19972014-11-03Circulation section2014-11-032022-05-24Central Library, BUET13 92466 2022-06-08  Central Library, BUET General Book3621_000000000000000_011HOL1997
 621.011 HOL/19972015-04-12Circulation section2015-04-12 Central Library, BUET14 92468 2015-04-12  Central Library, BUET General Book 621_011000000000000_HOL_1997
 621.011/HOL/19972015-07-02Reading section2015-07-02 Central Library, BUET15 92447 2015-07-02  Central Library, BUET Reading Item 621_011000000000000_HOL_1997
 621.011/HOL/19972015-07-09Reading section2015-07-09 Central Library, BUET16 92446 2015-07-09  Central Library, BUET Reading Item 621_011000000000000_HOL_1997